| 000 | 00456caa a22001932a 4500 | ||
|---|---|---|---|
| 001 | 002142 | ||
| 003 | AR-FADEU | ||
| 008 | 311216n############xxu####################dd | ||
| 092 | _aPP(300)REV | ||
| 100 | _aPapalini, Vanina | ||
| 245 | _bTecnologismo e informativismo : enfermedades de fin de siglo | ||
| 245 | _a4 | ||
| 300 | _a55-66 | ||
| 440 | _v4 | ||
| 440 | _n4 | ||
| 260 | _c1999 | ||
| 650 | _aTECNOLOGISMO; INFORMATIVISMO | ||
| 942 | _cPPGR | ||
| 999 |
_c4920 _d4920 |
||